| 000 | 00923nam a22003017a 4500 | ||
|---|---|---|---|
| 001 | 2873 | ||
| 003 | FISKH | ||
| 005 | 20240119135232.0 | ||
| 008 | 240119b cb ||||| |||| 00| 0 eng d | ||
| 020 | _a9780439888523 | ||
| 040 |
_beng _cFISKH _dFISKH _eFISKH |
||
| 050 | _aQL665 | ||
| 082 | _a597.9 | ||
| 100 | _aMelvin and Berger, Gilda | ||
| 245 |
_aWhat is a reptile? / _cby Melvin and Berger, Gilda |
||
| 250 | _aFirst Printing, September 2006 | ||
| 260 |
_aNew York: _bScholastic , _c2006 |
||
| 300 |
_a32 pages : _bcolor illustrations ; _c19 cm . |
||
| 490 | _aNow I know | ||
| 505 | _aH | ||
| 520 | _aSimple text and illustrations introduce some of the major characteristics of a variety of reptiles. | ||
| 521 | 8 |
_a430
_bLexile |
|
| 521 | 8 |
_aH
_bRaz-Plus |
|
| 600 |
_2reptiles _vnon-fiction |
||
| 610 |
_2science _vnon-fiction |
||
| 700 |
_aSabto, Nancy _edesigner |
||
| 942 |
_2ddc _cBK _n0 |
||
| 999 |
_c2873 _d2873 |
||